000 00713nam a22002177a 4500
003 UA-OsUOA
001 70068
007 ta
008 20100714b un ||||| |||| 00| 0 ukr d
100 _aГолуб Н.
090 _a81
_bГ62
942 _cSA
040 _aUA-OsUOA
_bukr
_cUA-OsUOA
_dUA-OsUOA
245 _aСтановлення риторики як науки і навчальної дисципліни
300 _aС.45-52
955 _a0
041 _aukr
080 _a81
773 0 _w70063
_tУкраїнська мова і література в школі
_dК.
_d2010
_g3
650 7 _a8 Мовознавство. Художня література. Літературознавство
_2UDC
999 _c356296
_d356296